Foods That Are Brown Quiz Stats

 Plays Quiz Updated Aug 25, 2015

     
Support Sporcle.
Go Orange.
Score 0/20 Timer 06:00
26 Plays Today
Column % Correct
Potatoes
99.4%
Chocolate
99.2%
Eggs
98.2%
Waffles
98%
Brown rice
97.9%
Peanut butter
97.7%
Crimini mushrooms
97.2%
Coconut
96.1%
Baked beans
95.5%
Bagels
94.4%
Column % Correct
Almonds
92.9%
Steak
92.9%
Cinnamon
92.8%
Fudge
92.2%
Cashew nuts
92%
Cheerios
91.5%
Gravy
88.9%
Brown sugar
87%
Pecan pie
86.7%
Root ginger
86.4%

From the Vault

Fictional Companies

by Ben

Sometimes to meet the bottom line you have to cut costs or layoff employees, other times you have to bend space and time or kill a few people.
Remove Ads.
Support Sporcle.
Get the best of Sporcle when you Go Orange. This ad-free experience offers more features, more stats, and more fun while also helping to support Sporcle. Thank you for becoming a member.

Show Comments

Extras

Top Quizzes Today


Score Distribution

Your Account Isn't Verified!

In order to create a playlist on Sporcle, you need to verify the email address you used during registration. Go to your Sporcle Settings to finish the process.

Report this User

Report this user for behavior that violates our Community Guidelines.

Details: